000 00285nam a2200121Ia 4500
005 20260328104338.0
008 260328s9999||||xx |||||||||||||| ||und||
100 _aBill, Max
245 0 _aMies Van der Rohe /
_cMax Bill
260 _bGustavo Gili
650 _aARQUITECTOS
942 _cBK
999 _c11997
_d11997